Dari Beirut ke Jerusalem

Bibliographic Details
Main Author: Ang, Swee Chai
Format: Book
Published: KL : HARAKAH , 2007
Subjects:

MARC

LEADER 00000cam a2200000 7i4500
001 0000035365
005 20130416.0
008 130206
020 |a 9833172290 
090 0 0 |a 956.92044   |b ANG 
100 1 |a Ang, Swee Chai 
245 1 0 |a Dari Beirut ke Jerusalem   |c Dr Ang Swee Chai 
260 |a KL :   |b HARAKAH ,   |c 2007 
650 0 |a Massacres   |z Lebanon   |z Beirut 
650 0 |a Palestinian Arabs   |z Lebanon   |z Beirut 
650 0 |a Volunter workers in medical care   |z Lebanon 
999 |a 0001136563   |b Book   |c Adult Collection   |e Perbadanan Perpustakaan Awam Johor 
999 |a 0001136564   |b Book   |c Adult Collection   |e Perbadanan Perpustakaan Awam Johor 
999 |a 0001136565   |b Book   |c Adult Collection   |e Cawangan Urban Transformation Centre 
999 |a 0001136566   |b Book   |c Adult Collection   |e Cawangan Urban Transformation Centre